003300000a220010900045001000019000002450039000193000034000587730013000929420008001059520090001139990017002031 aGray, Laurence10aRegaining honor : How can we help? aNúm 52 (1996), Páginas 130 tTogether cANA 001040708HEMaFUSBCbFUSBCd2016-01-26l0o r2016-01-26 00:00:00w2016-01-26yANA c57175d57175